Elementary functions: an approach to precalculus mathematics

Guardat en:
Dades bibliogràfiques
Autors principals: Hecenbach, Alan J (Autor), Kegley, J. Colby (Autor)
Format: Llibre
Idioma:anglès
Publicat: Nueva York Macmillan 1970
Matèries:
Etiquetes: Afegir etiqueta
Sense etiquetes, Sigues el primer a etiquetar aquest registre!

MARC

LEADER 00000nam a2200000 a 4500
001 UCP0349
003 CL-VaPUC
008 990305e19700000US |||||||||||||||||eng|d
082 0 4 |a 515.7  |b HEC  |2 21 
100 0 |a Hecenbach, Alan J  |e author  |9 425592 
700 0 |a Kegley, J. Colby  |e author  |9 425593 
245 1 0 |a Elementary functions: an approach to precalculus mathematics 
300 |a 356 p 
942 |c BK 
945 |d 19990305 00:00:00  |a crobeson 
260 |a Nueva York  |b Macmillan  |c 1970 
650 0 |a Análisis funcional   |9 269993 
650 0 |a Números reales   |9 270334 
650 7 |a SISTEMAS DE COORDENADAS  |2 CL-VaPUC  |9 425594 
650 0 |a Funciones   |9 263869 
650 0 |a Polinomios  |9 270626 
650 7 |a FUNCIONES RACIONALES  |2 CL-VaPUC  |9 425595 
583 |a last modification  |c 19990305 00:00:00  |k Rodrigo Vera 
999 |c 279174  |d 279172 
952 |0 0  |1 0  |4 0  |6 515_700000000000000_HEC_1970  |7 0  |8 A  |9 318100  |a BIBMAT  |b BIBMAT  |d 2019-11-20  |i 1324225  |o 515.7 HEC 1970  |p 1324225  |r 2025-01-07  |w 2019-11-20  |y BK  |k MAT